All Encanto Characters By Screen Time - Statistics

General Stats
  • This quiz has been taken 22 times
  • The average score is 10 of 16
Answer Stats
% Of Movie Screen Time Answer % Correct
13.27 13:33 Bruno Madrigal
100%
59.80 1:01:03 Mirabel Madrigal
95%
5.56 6:05 Dolores Madrigal
90%
11.31 11:33 Luisa Madrigal
90%
12.03 12:17 Isabela Madrigal
80%
11.15 11:23 Pepa Madrigal
80%
7.69 7:51 Felix Madrigal
70%
10.06 10:16 Julieta Madrigal
70%
23.04 23:31 Alma Madrigal
65%
7.77 7:56 Antonio Madrigal
60%
6.26 6:25 Camilo Madrigal
55%
6.16 6:17 Agustin Madrigal
45%
2.71 2:46 Mariano Guzman
45%
1.70 1:44 Pedro Madrigal
30%
2.82 2:53 Casita
25%
2.11 2:09 Senora Guzman
10%
No matching quizzes found
Score Distribution
Percent of People with Each Score
Percentile by Number Answered
Your Score History
You have not taken this quiz